Globalism, Localism and Neo-Zapatism /
Збережено в:
| Автор: | |
|---|---|
| Формат: | Текст |
| Теги: |
Додати тег
Немає тегів, Будьте першим, хто поставить тег для цього запису!
|
MARC
| LEADER | 00000 a a2200000 04500 | ||
|---|---|---|---|
| 001 | 16269 | ||
| 003 | |||
| 040 | |||
| 100 | |a Assies, Willem | ||
| 245 | |a Globalism, Localism and Neo-Zapatism / |c Willem Assies | ||
| 500 | |a Obras reseñadas: Rosalva Aída Hernández Castillo. La Otra frontera: identidades múltiples en el Chiapas poscolonial. México, Porrúa, 2001.--June C. Nash. Mayan Visions. The Quest for Autonomy in an Age of Globalization. New York. Rouktledge, 2001.-- Lynn | ||
| 773 | |g número 74; páginas 101-105 | ||
| 999 | |c 29050 |d 29050 | ||
